000
00236nam a2200097Ia 4500
001
683277
005
20250826161435.0
008
250824s9999 xx 000 0 und d
245
0
_a
PARADOKYA III
_c
CEM GÜLBENT
260
_b
TİMAŞ YAYINLARI
999
_c
683277
_d
683277